A déjà gagné ? - Formule 1 - Statistiques

Statistiques générales
  • Ce quiz a été pris 173 fois
    42 depuis la dernière actualisation
  • Le résultat moyen est 9 sur 13
Answers on the Grid
Answers color-coded by a green-red scale on the quiz's grid according to % correct below.
Max Verstappen
Pastor Maldonado
Sébastien Buémi
Nico Hülkenberg
Jarno Trulli
Felipe Massa
Adrian Sutil
Romain Grosjean
Lance Stroll
Nick Heidfeld
Carlos Sainz Jr.
Kevin Magnussen
Robert Kubica
Oscar Piastri
Kamui Kobayashi
Esteban Gutierrez
Jean-Eric Vergne
Olivier Panis
Johnny Herbert
Daniil Kvyat
Juan Pablo Montoya
Giancarlo Fisichella
Nigel Mansell
Vitantonio Liuzzi
Takuma Sato
Alexander Albon
Daniel Ricciardo
André Lotterer
 
Statistiques - réponses
Réponse % Correct
Max Verstappen
92%
Carlos Sainz Jr.
75%
Felipe Massa
75%
Nigel Mansell
75%
Daniel Ricciardo
71%
Juan Pablo Montoya
71%
Oscar Piastri
71%
Robert Kubica
67%
Pastor Maldonado
63%
Jarno Trulli
58%
Olivier Panis
58%
Giancarlo Fisichella
54%
Johnny Herbert
42%
Aucun quiz correspondant
Distribution des résultats
% des personnes avec chaque résultat
Percentile par nombre de réponses
Votre historique - résultats
Vous n’avez pas pris ce quiz depuis la dernière actualisation